Jede Großstadt im Jahre 1900 auf einer Karte - Statistiken

Allgemein
  • Dieses Quiz wurde 125 mal gespielt
    93 seit der letzten Aktualisierung
  • Das Durchschnittsergebnis liegt bei 144 aus 294
Antworten auf der Karte
Die Antworten werden auf der Karte rot bzw. grün angezeigt, abhängig davon wie oft sie richtig erraten wurden.
 
Antwortstatistiken
Land /
Kolonie
Einwohnerzahl Stadt % Korrekt
Vereinigte Staaten 3,437,202 New York
100%
Deutschland 1,888,848 Berlin
97%
Russland 1,175,000 Moskau
96%
Frankreich 2,714,068 Paris
96%
Ägypten (UK) 595,000 Kairo
95%
Vereinigte Staaten 102,479 Los Angeles
95%
Spanien 540,109 Madrid
95%
Italien 422,411 Rom
95%
Spanien 528,946 Barcelona
94%
Deutschland 705,738 Hamburg
94%
Osmanisches Reich 942,900 Konstantinopel
94%
Vereinigtes Königreich 4,536,541 London
94%
Deutschland 499,932 München
94%
Argentinien 865,000 Buenos Aires
92%
Portugal 351,210 Lissabon
92%
Japan 1,947,300 Tokio
91%
Vereinigte Staaten 1,698,575 Chicago
90%
Dänemark 468,936 Kopenhagen
90%
Italien 538,483 Mailand
90%
Österreich-Ungarn 1,627,234 Wien
90%
Vereinigtes Königreich 290,638 Dublin
88%
Deutschland 372,229 Köln
88%
Norwegen 227,600 Kristiania
88%
Mexiko 344,721 Mexiko-Stadt
88%
Italien 621,213 Neapel
88%
China 1,100,000 Peking
88%
Ägypten (UK) 314,000 Alexandria
87%
Österreich-Ungarn 716,476 Budapest
87%
Schweden 300,523 Stockholm
87%
Russland 711,988 Warschau
87%
Niederlande 510,900 Amsterdam
86%
Belgien 218,623 Brüssel
86%
Kuba (US) 236,000 Havanna
86%
Vereinigtes Königreich 543,872 Manchester
86%
Deutschland 166,699 Stuttgart
86%
Griechenland 111,500 Athen
85%
Deutschland 288,989 Frankfurt am Main
85%
Frankreich 491,161 Marseille
85%
Brasilien 811,443 Rio de Janeiro
85%
Chile 296,600 Santiago
85%
Deutschland 161,184 Bremen
83%
Deutschland 396,146 Dresden
83%
Vereinigte Staaten 342,782 San Francisco
83%
Brasilien 239,820 São Paulo
83%
New South Wales (UK) 481,830 Sydney
83%
Vereinigte Staaten 278,718 Washington
83%
Vereinigte Staaten 560,892 Boston
82%
Deutschland 213,711 Düsseldorf
82%
Deutschland 235,666 Hannover
82%
Russland 260,000 Kiew
82%
Deutschland 456,124 Leipzig
82%
Frankreich 459,099 Lyon
82%
Portugal 165,729 Porto
82%
Rumänien 282,071 Bukarest
81%
Peru 103,900 Lima
81%
Deutschland 261,081 Nürnberg
81%
Österreich-Ungarn 222,588 Prag
81%
China 619,000 Shanghai
81%
Vereinigtes Königreich 522,204 Birmingham
79%
Spanien 147,271 Sevilla
79%
Britisch Indien 776,006 Bombay
78%
Deutschland 142,733 Dortmund
78%
Korea 211,200 Hanseong
78%
Französisch Tunisien 156,000 Tunis
78%
Italien 335,656 Turin
78%
Italien 189,368 Venedig
78%
Schweiz 150,703 Zürich
78%
Französisch Algerien 140,000 Algier
77%
Frankreich 256,638 Bordeaux
77%
Deutschland 118,862 Essen
77%
Vereinigte Staaten 285,704 Detroit
76%
Vereinigtes Königreich 684,958 Liverpool
76%
Victoria (UK) 496,079 Melbourne
76%
Uruguay 266,000 Montevideo
76%
Persien 150,000 Teheran
76%
Kanada 208,040 Toronto
76%
Osmanisches Reich 145,000 Bagdad
74%
Vereinigtes Königreich 349,180 Belfast
74%
Vereinigtes Königreich 761,712 Glasgow
74%
Japan 881,344 Osaka
74%
Niederländisch Ostindien 115,900 Batavia
73%
Kolumbien 110,000 Bogotá
73%
Britisch Indien 208,575 Delhi
73%
Russland 282,230 Riga
73%
Siam 267,000 Bangkok
72%
Vereinigtes Königreich 303,638 Edinburgh
72%
Italien 236,635 Florenz
72%
Deutschland 107,977 Kiel
72%
Vereinigte Staaten 1,293,697 Philadelphia
72%
Niederlande 318,500 Rotterdam
72%
Spanien 215,687 Valencianische Gemeinschaft
72%
Britisch Hong Kong 181,918 Victoria
72%
Deutschland 189,483 Königsberg
71%
Deutschland 229,667 Magdeburg
71%
Philippinen (US) 190,000 Manila
71%
Italien 309,566 Palermo
71%
Deutschland 140,563 Danzig
69%
Italien 377,610 Genua
69%
Russland 1,418,000 Sankt Petersburg
68%
Vereinigte Staaten 133,859 Denver
67%
Kanada 267,730 Montreal
67%
Belgien 272,831 Antwerpen
65%
Deutschland 206,913 Chemnitz
65%
Osmanisches Reich 140,500 Damaskus
65%
Britisch Indien 847,796 Kalkutta
65%
Vereinigte Staaten 287,104 New Orleans
65%
Schweiz 109,161 Basel
64%
Straits Settlements (UK) 193,089 Singapur
64%
Französisch Indochina 103,200 Hanoi
63%
Russland 403,815 Odessa
63%
Deutschland 151,041 Straßburg
63%
Russland 179,000 Baku
62%
Frankreich 105,109 Nizza
62%
Vereinigte Staaten 202,718 Minneapolis
60%
Osmanisches Reich 118,800 Beirut
59%
Deutschland 128,226 Braunschweig
59%
Deutschland 422,709 Breslau
59%
Französisch Indochina 166,000 Saigon
59%
Osmanisches Reich 125,000 Salonica
59%
Deutschland 156,609 Halle an der Saale
58%
Osmanisches Reich 201,000 Smyrna
58%
Deutschland 210,702 Stettin
58%
Russland 162,600 Wilna
58%
Schweden 152,172 Göteborg
56%
Vereinigtes Königreich 428,968 Leeds
56%
Deutschland 141,131 Mannheim
56%
Frankreich 132,990 Nantes
56%
Frankreich 149,841 Toulouse
56%
Deutschland 135,245 Aachen
55%
Italien 153,271 Bologna
55%
Niederlande 206,022 Den Haag
55%
Marokko 120,000 Marrakesch
55%
Russland 159,862 Tiflis
55%
Spanien 131,063 Málaga
54%
Vereinigtes Königreich 215,328 Newcastle upon Tyne
54%
Vereinigtes Königreich 153,114 Aberdeen
51%
Vereinigtes Königreich 328,945 Bristol
51%
Österreich-Ungarn 134,143 Triest
51%
Vereinigte Staaten 508,957 Baltimore
50%
Österreich-Ungarn 127,484 Graz
50%
Japan 371,600 Kyoto
50%
Frankreich 210,696 Lille
50%
Vereinigte Staaten 575,238 St. Louis
50%
Vereinigtes Königreich 164,333 Cardiff
49%
China 450,000 Hankou
49%
Japan 122,306 Hiroshima
49%
Vereinigte Staaten 163,752 Kansas City
49%
China 300,000 Wuchang
49%
Deutschland 106,034 Kassel
47%
Japan 107,422 Nagasaki
47%
Vereinigtes Königreich 380,793 Sheffield
47%
Britisch Ceylon 154,691 Colombo
46%
Belgien 160,133 Gent
46%
Vereinigte Staaten 169,164 Indianapolis
46%
Brasilien 113,106 Recife
46%
China 585,000 Guangzhou
45%
Österreich-Ungarn 143,226 Lemberg
45%
Vereinigte Staaten 321,616 Pittsburgh
45%
Osmanisches Reich 108,143 Aleppo
44%
Vereinigte Staaten 391,768 Cleveland
44%
Britisch Indien 509,346 Madras
44%
Deutschland 156,966 Elberfeld
42%
Marokko 108,000 Fes
42%
Vereinigte Staaten 102,320 Memphis
42%
Vereinigte Staaten 285,315 Milwaukee
42%
Deutschland 141,944 Barmen
41%
Österreich-Ungarn 100,921 Brünn
41%
Vereinigte Staaten 352,387 Buffalo
41%
Russland 131,500 Kasan
41%
Russland 198,273 Kharkov
41%
Belgien 157,760 Lüttich
41%
Vereinigtes Königreich 239,743 Nottingham
41%
Vereinigtes Königreich 107,636 Plymouth
41%
Deutschland 117,033 Posen
41%
Russland 113,500 Rostow am Don
41%
Italien 147,700 Catania
40%
Italien 147,589 Messina
40%
Spanien 111,693 Murcia
40%
Frankreich 108,385 Reims
40%
Vereinigte Staaten 163,065 Saint Paul
40%
Vereinigte Staaten 125,560 Columbus
38%
British India 202,964 Lahore
38%
Russland 314,020 Lodz
38%
China 250,000 Xi'an
38%
Mexiko 101,200 Guadalajara
37%
Britisch Indien 448,466 Hyderabad
37%
Frankreich 130,196 Le Havre
37%
Deutschland 189,305 Charlottenburg
36%
China 700,000 Tianjin
36%
China 100,000 Xiamen
36%
Deutschland 161,501 Altona
35%
Vereinigtes Königreich 211,579 Leicester
35%
China 270,000 Nanjing
35%
Vereinigtes Königreich 104,824 Southampton
35%
Argentinien 112,462 Rosario
33%
Niederlande 102,086 Utrecht
33%
Russland 125,800 Kishinev
32%
Britisch Indien 185,889 Ahmedabad
31%
Britisch Indien 159,046 Bangalore
31%
Vereinigtes Königreich 123,478 Brighton
31%
China 300,000 Chengdu
31%
Vereinigte Staaten 325,902 Cincinnati
31%
Deutschland 106,893 Krefeld
31%
Vereinigte Staaten 246,070 Newark
29%
Japan 283,839 Kobe
28%
Vereinigtes Königreich 111,733 Norwich
28%
Vereinigte Staaten 102,555 Omaha
28%
Vereinigtes Königreich 188,133 Portsmouth
28%
Britisch Indien 234,881 Rangun
28%
Brasilien 205,813 Salvador
28%
Russland 109,640 Samara
28%
Japan 244,145 Nagoya
27%
Frankreich 101,602 Toulon
27%
Japan 196,653 Yokohama
27%
Britisch Indien 153,320 Pune
26%
Vereinigtes Königreich 146,077 Sunderland
26%
Russland 156,506 Taschkent
26%
Russland 121,000 Yekaterinoslav
26%
China 180,000 Chongqing
24%
Vereinigtes Königreich 161,173 Dundee
24%
Frankreich 102,559 Nancy
24%
Frankreich 146,559 Saint-Étienne
24%
China 350,000 Hangzhou
23%
Vereinigte Staaten 204,731 Louisville
23%
Vereinigte Staaten 175,597 Providence
23%
Vereinigte Staaten 162,608 Rochester
23%
Frankreich 116,316 Rouen
23%
Britisch Indien 188,022 Agra
22%
Niederländisch Ostindien 146,900 Surabaya
22%
Persien 175,000 Täbris
22%
Vereinigte Staaten 108,027 New Haven
21%
Vereinigte Staaten 131,822 Toledo
21%
Russland 112,880 Astrachan
19%
Vereinigtes Königreich 105,912 Derby
19%
Britisch Indien 160,167 Jaipur
19%
Britisch Indien 127,734 Nagpore
19%
Vereinigtes Königreich 279,767 Bradford
18%
Britisch Indien 119,306 Surat
18%
Russland 143,000 Saratow
17%
Vereinigte Staaten 108,374 Syracuse
17%
Vereinigte Staaten 118,421 Worcester
17%
Britisch Indien 183,816 Mandalay
15%
China 160,000 Mukden
15%
China 220,000 Changsha
14%
Vereinigte Staaten 206,433 Jersey City
14%
Vereinigtes Königreich 127,626 Blackburn
13%
Spanien 103,373 Cartagena
13%
Süd Nigeria (UK) 204,000 Ibadan
13%
Britisch Indien 116,663 Karatchi
13%
Britisch Indien 134,785 Patna
13%
China 250,000 Fuzhou
12%
Britisch Indien 264,049 Lucknow
12%
Vereinigtes Königreich 112,989 Preston
12%
Frankreich 124,365 Roubaix
12%
Vereinigtes Königreich 267,358 West Ham
12%
China 135,000 Jinan
10%
Britisch Indien 197,170 Kanpur
10%
Vereinigtes Königreich 102,541 Tottenham
10%
Britisch Indien 209,331 Benares
9%
Vereinigtes Königreich 168,215 Bolton
9%
China 110,000 Lanzhou
9%
Vereinigte Staaten 102,026 Scranton
9%
China 280,000 Suzhou
9%
Österreich-Ungarn 100,270 Szeged
9%
Britisch Indien 162,429 Amritsar
8%
Vereinigtes Königreich 110,915 Birkenhead
8%
China 257,000 Ningbo
8%
Russland 111,000 Tula
8%
Vereinigte Staaten 104,863 Fall River
6%
China 200,000 Foshan
6%
Vereinigtes Königreich 240,259 Kingston upon Hull
6%
Britisch Indien 122,618 Srinagar
6%
Vereinigte Staaten 129,896 Allegheny
5%
Britisch Indien 157,594 Haora
5%
Britisch Indien 105,984 Madura
5%
Vereinigtes Königreich 137,246 Oldham
5%
Vereinigtes Königreich 220,957 Salford
5%
Britisch Indien 173,032 Allahabad
4%
Britisch Indien 103,790 Baroda
4%
Vereinigtes Königreich 133,895 Croydon
4%
Vereinigtes Königreich 104,936 Halifax
4%
China 150,000 Kaifeng
4%
Niederländisch Ostindien 109,500 Surakarta
4%
China 200,000 Wuxi
4%
Britisch Indien 131,208 Bareilly
3%
China 100,000 Guiyang
3%
Britisch Indien 118,129 Meerut
3%
Vereinigte Staaten 105,171 Paterson
3%
Französisch Indochina 122,100 Cholon
1%
Vereinigtes Königreich 109,888 Gateshead
1%
China 150,000 Nanchang
1%
Britisch Indien 104,721 Trichinopoly
1%
China 168,000 Zhenjiang
1%
Vereinigtes Königreich 114,811 Willesden
0%
Keine übereinstimmenden Quizze gefunden
Verteilung der Resultate
Anzahl Personen mit jedem Resultat
Perzentil nach korrekt beantworteten Fragen
Ihre Resultats-Entwicklung
Sie haben dieses Quiz seit der letzten Aktualisierung nicht gespielt